000 00517nam a22001577a 4500
003 0
005 20231106143124.0
008 230929b xxu||||| |||| 00| 0 eng d
050 _aBF 180
_b.P37 2022
100 _aParama, Rexxie Cayle C.
245 _aOperational stress and job-related emotional response of Filipino police officers
_cParama, Rexxie Cayle C.
260 _aLas Pinas City
_bSouthville International School and Colleges
_cC2022
300 _aix, 169pp.
_c28cm.
500 _aAnxiety.
942 _2lcc
_cTH
999 _c365446
_d365446